| 000 | 00626nam a2200241Ia 4500 | ||
|---|---|---|---|
| 003 | OSt | ||
| 005 | 20220928105556.0 | ||
| 006 | a|||||r|||| 00| 0 | ||
| 007 | ta | ||
| 008 | 220927b |||||||| |||| 00| 0 eng d | ||
| 024 | _a120557 | ||
| 037 | _cTextual | ||
| 040 |
_aSDCL _cSDCL _beng |
||
| 041 |
_2eng _aeng |
||
| 082 | _a2:98, N7 | ||
| 100 |
_aKochar R S _9415849 |
||
| 245 | 0 | _aLibraray automation. | |
| 260 |
_aNew Delhi _bAph Publishing _c1997 |
||
| 300 |
_a368p. _ccm. |
||
| 700 |
_a Sudarshan K N _9415850 |
||
| 942 |
_h2:98, N7 _cTEXL _2CC |
||
| 999 |
_c731745 _d731745 |
||